| 000 | 00437nam a2200169 a 4500 | ||
|---|---|---|---|
| 005 | 20140412111221.0 | ||
| 008 | 010522s19uu xx 00 eng d | ||
| 020 | _a0-8172-8382-X | ||
| 050 |
_aTR(GS 372.4 _bPh562 1999 |
||
| 245 | _aPhonics, level B. | ||
| 250 | _aTeacher's Edition | ||
| 260 |
_aAustin, Texas : _bSteck-Vaughn Company, _c1999. |
||
| 300 | _a235d p.; | ||
| 440 | _aSteck-Vaughn | ||
| 650 | _aTitle | ||
| 999 |
_c101931 _d101931 |
||